00309nam a22001217a 4500003000400000008004100004020001800045082001700063100001700080245004600097260003500143300000900178OSt240831b |||||||| |||| 00| 0 eng d a9781947586529 a370.954bSIE aSINGH, Sahan aThe Educational Heritage Of Ancient India aChennai:bNotion Press,c2017. a66p.